logo

Bir Sreshtho Munshi Abdur Rouf Library
Jhenaidah Cadet College

Blow the man down / (Record no. 9937)

MARC details
000 -LEADER
fixed length control field 00718nam a2200253 a 4500
001 - CONTROL NUMBER
JCCL Control Number 9937
003 - CONTROL NUMBER IDENTIFIER
JCCL marc code BD-JhCC
005 - DATE AND TIME OF LATEST TRANSACTION
control field 20180403185226.0
008 - FIXED-LENGTH DATA ELEMENTS--GENERAL INFORMATION
fixed length control field 500101r19531939enka 000 0 eng d
035 ## - SYSTEM CONTROL NUMBER
system control number (BD-JhCC)9937
035 ## - SYSTEM CONTROL NUMBER
system control number OCLC ocm31730139 from D950722M
040 ## - CATALOGING SOURCE
Original cataloging agency CVU
Transcribing agency CVU
Modifying agency BD-JhCC
041 ## - LANGUAGE CODE
Language code of Book eng
082 ## - DEWEY DECIMAL CLASSIFICATION NUMBER
Classification number 823.91
Author mark and Year VIP 1953
100 1# - MAIN ENTRY--PERSONAL NAME
Personal name Vipont, Charles,
Dates associated with a name 1902-1992.
245 10 - TITLE STATEMENT
Title Blow the man down /
Statement of responsibility, etc Charles Vipont,
260 ## - PUBLICATION, DISTRIBUTION, ETC. (IMPRINT)
Place of publication, distribution, etc London :
Name of publisher, distributor, etc Heinemann Educational Books,
Date of publication, distribution, etc [1953]
300 ## - PHYSICAL DESCRIPTION
Pagination 202 p.
Other physical details illus.
Dimensions 19 cm
500 ## - GENERAL NOTE
General note First published 1939<br/>Illus. by Norman Hepple
650 ## - SUBJECT ADDED ENTRY--TOPICAL TERM
Topical term or geographic name as entry element Children's literature
830 #0 - SERIES ADDED ENTRY--UNIFORM TITLE
Uniform title New windmill series
942 ## - ADDED ENTRY ELEMENTS (KOHA)
Source of classification or shelving scheme Dewey Decimal Classification
Koha item type Books
Holdings
Source of classification or shelving scheme Damaged status Not for loan Home library Current library Shelving location Date of accession Total Checkouts Full call number Barcode Date last seen Copy number Koha item type
Dewey Decimal Classification     JCC Rouf Library JCC Rouf Library General Stacks 03/04/2018   823.91 VIP 1953 13000 04/03/2018 C-1 Books

JCC Library | Contacts | JCC Home

Last Update on 23 September 2017
Copyright @ 2017-2020 JCC Rouf Library
Rouf Library, Jhenidah Cadet College (JCC), Bangladesh